| 000 | 00448nam a2200193Ia 4500 | ||
|---|---|---|---|
| 005 | 20240823034331.0 | ||
| 008 | 240823s9999||||xx |||||||||||||| ||und|| | ||
| 020 | _a81-87474-46-7 | ||
| 041 | _aMALAYALAM | ||
| 082 | _A297.5 P6 | ||
| 100 | _aVakkom Abdul Khader | ||
| 245 | 0 | _aIslamile Chinthaprasthanangal | |
| 250 | _a2nd | ||
| 260 |
_c2006 _bOlive Publica |
||
| 500 | _aYES | ||
| 650 |
_aNovel _bEnglish |
||
| 942 | _cBK | ||
| 999 |
_c197999 _d197999 |
||